书目信息 |
| 题名: |
实用普通话培训教程
|
|
| 作者: | 盛玉麟 主编 | |
| 分册: | ||
| 出版信息: | 济南 山东大学出版社 2004.5 |
|
| 页数: | 200页 | |
| 开本: | 21cm | |
| 丛书名: | ||
| 单 册: | ||
| 中图分类: | H102 | |
| 科图分类: | ||
| 主题词: | 普通话--pu tong hua , 普通话--pu tong hua--高等学校--教材 | |
| 电子资源: | ||
| ISBN: | 7-5607-2781-6 | |
| 000 | 01103nam0 2200325 450 | |
| 000 | 01130nam0 2200325 450 | |
| 000 | 01093nam0 2200313 450 | |
| 000 | 01076nam0 2200313 450 | |
| 000 | 01039nam0 2200301 450 | |
| 001 | CAL 012006083366 | |
| 005 | 20061026151717.28 | |
| 010 | @a7-5607-2781-6@dCNY10.00 | |
| 099 | @aCAL 012006083366 | |
| 100 | @a20060825d2004 em y0chiy0120 ea | |
| 101 | 0 | @achi |
| 102 | @aCN@b370000 | |
| 105 | @ay z 000yy | |
| 200 | 1 | @a实用普通话培训教程@Ashi yong pu tong hua pei xun jiao cheng@f盛玉麟主编 |
| 210 | @a济南@c山东大学出版社@d2004.5 | |
| 215 | @a200页@d21cm | |
| 300 | @a根据2003年最新大纲编写 | |
| 330 | @a本书包括五章和六项附录, 系统介绍了普通话语音原理, 声、韵、调发音基础知识以及词汇、语法、朗读、命题说话训练要点等内容。 | |
| 333 | @a阅读对象: 大中专院校师生, 普通话自学者 | |
| 540 | 1 | @a普通话培训教程@Apu tong hua pei xun jiao cheng |
| 606 | 0 | @a普通话@Apu tong hua |
| 606 | 0 | @a普通话@Apu tong hua@x高等学校@j教材 |
| 690 | @aH102@v4 | |
| 701 | 0 | @a盛玉麟@Asheng yu lin@4主编 |
| 801 | 0 | @aCN@c20061026 |
| 905 | @a10447@dH102@eS475 | |
| 实用普通话培训教程/盛玉麟主编.-济南:山东大学出版社,2004.5 |
| 200页;21cm |
| 根据2003年最新大纲编写.-使用对象:阅读对象: 大中专院校师生, 普通话自学者 |
| ISBN 7-5607-2781-6:CNY10.00 |
| 本书包括五章和六项附录, 系统介绍了普通话语音原理, 声、韵、调发音基础知识以及词汇、语法、朗读、命题说话训练要点等内容。 |
| ● |
| 相关链接 |
|
|
|
正题名:实用普通话培训教程
索取号:H102/S475
 
预约/预借
| 序号 | 登录号 | 条形码 | 馆藏地/架位号 | 状态 | 备注 |
| 1 | 630082 | 206300821 | 语言库209/209语言库 70排2列2层/ [索取号:H102/S475] | 在馆 | |
| 2 | 630083 | 206300830 | 语言库209/209语言库 70排2列2层/ [索取号:H102/S475] | 在馆 | |
| 3 | 630084 | 206300849 | 语言库209/209语言库 70排2列2层/ [索取号:H102/S475] | 在馆 |